000 00360nam a22001457a 4500
005 20200527094100.0
008 200527b xxu||||| |||| 00| 0 eng d
041 _aeng
082 _a340
100 _aBARE ACT
_95744
245 _aTHE SECURITIES CONTRACTS ACT, 1956 (42-1956)
260 _aDELHI
_bPROFESSIONAL BOOK PUBLISHERS
300 _a145;p
942 _cBK
999 _c6515
_d6513